书目信息 |
| 题名: |
首席专家赵霖谈平衡膳食健康忠告
|
|
| 作者: | 赵霖 著 | |
| 分册: | ||
| 出版信息: | 北京 人民卫生出版社 2007 |
|
| 页数: | 12,256页 | |
| 开本: | 21cm | |
| 丛书名: | 相约健康社区行巡讲精粹 | |
| 单 册: | ||
| 中图分类: | R155.1 | |
| 科图分类: | ||
| 主题词: | 膳食--饮食卫生--基本知识 , 膳食 , 饮食卫生 | |
| 电子资源: | ||
| ISBN: | 978-7-117-07917-4 | |
| 000 | 01104oam2 2200301 45 | |
| 001 | 1050856125 | |
| 005 | 20100420093251.79 | |
| 010 | @a978-7-117-07917-4@dCNY18.00 | |
| 100 | @a20100408d2007 em y0chiy50 ea | |
| 101 | 0 | @achi |
| 102 | @aCN@b110000 | |
| 105 | @aa z 000yy | |
| 106 | @ar | |
| 200 | 1 | @a首席专家赵霖谈平衡膳食健康忠告@AShou Xi Zhuan Jia Zhao Lin Tan Ping Heng Shan Shi Jian Kang Zhong Gao@f赵霖著@FZhao Lin Zhu |
| 205 | @a2版 | |
| 210 | @a北京@c人民卫生出版社@d2007 | |
| 215 | @a12,256页@c彩照,图@d21cm | |
| 225 | 2 | @a相约健康社区行巡讲精粹 |
| 300 | @a中央文明办、卫生部主办 | |
| 330 | @a本书阐述了合理膳食是健康的物质基础,介绍了世界卫生组织推荐的“地中海式饮食”,以及美国“食物指南金字塔”,进而分析了人类疾病模式的多样性与现代营养学的局限性。并讲解了营养不良易感传染病,饮食误区导致“文明病”的问题等。 | |
| 461 | 0 | @12001 @a相约健康社区行巡讲精粹 |
| 606 | 0 | @a膳食@x饮食卫生@x基本知识 |
| 606 | 0 | @a膳食 |
| 606 | 0 | @a饮食卫生 |
| 690 | @aR155.1@v4 | |
| 701 | 0 | @a赵霖@AZhao Lin@4著 |
| 801 | 0 | @aCN@bTANGWEI@c20100420 |
| 905 | @b0591137-41@dR155.1@e93=2@f5 | |
| 首席专家赵霖谈平衡膳食健康忠告/赵霖著.-2版.-北京:人民卫生出版社,2007 |
| 12,256页:彩照,图;21cm.-(相约健康社区行巡讲精粹) |
| 中央文明办、卫生部主办 |
| ISBN 978-7-117-07917-4:CNY18.00 |
| 本书阐述了合理膳食是健康的物质基础,介绍了世界卫生组织推荐的“地中海式饮食”,以及美国“食物指南金字塔”,进而分析了人类疾病模式的多样性与现代营养学的局限性。并讲解了营养不良易感传染病,饮食误区导致“文明病”的问题等。 |
| ● |
| 相关链接 |
|
|
|
|
正题名:首席专家赵霖谈平衡膳食健康忠告
索取号:R155.1/93=2
 
预约/预借
| 序号 | 登录号 | 条形码 | 馆藏地/架位号 | 状态 | 备注 |
| 1 | 0591137 | 205911370 | 第二样本阅览室/ [索取号:R155.1/93=2] | 在馆 | |
| 2 | 0591138 | 205911389 | 第三借阅区/ [索取号:R155.1/93=2] | 在馆 | |
| 3 | 0591139 | 205911398 | 密集书库-生命科学系/ [索取号:R155.1/93=2] | 在馆 | |
| 4 | 0591140 | 205911405 | 第三借阅区/ [索取号:R155.1/93=2] | 在馆 | |
| 5 | 0591141 | 205911414 | 第三借阅区/ [索取号:R155.1/93=2] | 在馆 |